Statistics for One-Word Countries with the Most Syllables Quiz

Click here to take the quiz!

General Stats

  • This quiz has been taken 48 times
    (35 since last reset)
  • The average score is 22 of 38

Answer Stats

SyllablesAnswer% Correct
4Uzbekistan
85%
4Australia
81%
4Argentina
81%
4Venezuela
74%
4Turkmenistan
74%
4Tajikistan
74%
4Azerbaijan
70%
5Ethiopia
70%
4Indonesia
70%
4Afghanistan
70%
4Nicaragua
67%
5Mauritania
67%
4Madagascar
67%
4Somalia
63%
4Tanzania
63%
4Colombia
59%
4Guatemala
59%
5Lithuania
59%
4Bulgaria
59%
4Algeria
59%
4Slovenia
56%
4Slovakia
56%
4Romania
56%
4Albania
52%
4Nigeria
52%
4Armenia
52%
4Mongolia
52%
4Liberia
52%
4Eritrea
52%
4Bolivia
48%
4Namibia
44%
4Dominica
44%
4Montenegro
44%
4Estonia
41%
4Cambodia
41%
4Vanuatu
41%
4Tunisia
37%
4Eswatini
33%

Score Distribution

Percentile by Number Answered

Percent of People with Each Score

Your Score History

You have not taken this quiz since the last reset